000 00263nam a2200109Ia 4500
008 230320s9999||||xx |||||||||||||| ||spa||
082 _a892.7/G45L
100 _aGibran, Kahlil
245 0 _aEl Loco, Sus Parabolas Y Poemas
260 _bCAUSACHUN
942 _80
_cLIB
999 _c30666
_d30666